000 00805nam a2200253Ia 4500
003 OSt
005 20220927110358.0
006 a|||||r|||| 00| 0
007 ta
008 220926b |||||||| |||| 00| 0 eng d
024 _a17659
037 _cReports
040 _aRTL
_cRTL
_beng
041 _2eng
_aeng
082 _a"Y:50aX:77, M1/UN"
110 _a"United Nations, International Economic And Social Affairs (Deptt of-)"
245 0 _aPopulation and development modelling
_b Proceedings
260 _aNew
_bYork United Nations Publications
_c1981
300 _a120p.
_ccm.
490 _a"Its, Population studies.73"
700 _a"United Nations, International Economic And Social Affairs (Deptt of-)"
942 _h"Y:50aX:77, M1/UN"
_cCC
999 _c696047
_d696047